Kebenaran Al-Quran tentang hari akhirat (Record no. 160650)

MARC details
000 -LEADER
fixed length control field 00768nam a2200265 i 4500
001 - CONTROL NUMBER
control field C2-0217466
003 - CONTROL NUMBER IDENTIFIER
control field PPAK
005 - DATE AND TIME OF LATEST TRANSACTION
control field 20180728105932.0
008 - FIXED-LENGTH DATA ELEMENTS--GENERAL INFORMATION
fixed length control field 990629s1996 my |||| ||||| | may d
020 ## - INTERNATIONAL STANDARD BOOK NUMBER
International Standard Book Number 9676901180
040 ## - CATALOGING SOURCE
Original cataloging agency PPAK
Language of cataloging eng
Transcribing agency PPAK
Description conventions rda
082 04 - DEWEY DECIMAL CLASSIFICATION NUMBER
Classification number 297.23
Edition number 23
090 00 - LOCALLY ASSIGNED LC-TYPE CALL NUMBER (OCLC); LOCAL CALL NUMBER (RLIN)
Classification number (OCLC) (R) ; Classification number, CALL (RLIN) (NR) 297.23
Feature heading QUT
Feature heading G
100 1# - MAIN ENTRY--PERSONAL NAME
Personal name Qutb, Sayyid,
Dates associated with a name 1903-1966
Relator term author
245 10 - TITLE STATEMENT
Title Kebenaran Al-Quran tentang hari akhirat
250 ## - EDITION STATEMENT
Edition statement An'najwa Ismail
264 #1 - PRODUCTION, PUBLICATION, DISTRIBUTION, MANUFACTURE, AND COPYRIGHT NOTICE
Place of production, publication, distribution, manufacture Batu Caves, Selangor :
Name of producer, publisher, distributor, manufacturer Thinker's Library ,
Date of production, publication, distribution, manufacture, or copyright notice 1996
300 ## - PHYSICAL DESCRIPTION
Extent vii, 328 pages ;
Dimensions 22 cm
336 ## - CONTENT TYPE
Source rdacontent
Content type term text
337 ## - MEDIA TYPE
Source rdamedia
Media type term unmediated
338 ## - CARRIER TYPE
Source rdacarrier
Carrier type term volume
500 ## - GENERAL NOTE
General note References pages
650 10 - SUBJECT ADDED ENTRY--TOPICAL TERM
Topical term or geographic name entry element Judgement day (Islam) - Koranic teaching.
942 ## - ADDED ENTRY ELEMENTS (KOHA)
-- dc
Koha item type Book
Holdings
Withdrawn Not for loan Current library Shelving location Date acquired Full call number Barcode Date last seen Koha item type Total Checkouts Date last checked out
    Perpustakaan Kulim Pinjaman Dewasa 01/08/2000 297.23 QUT A00936461 28/05/2025 Book 1 13/05/2025
    Perpustakaan Yan Pinjaman Dewasa 01/08/2000 297.23 QUT A00936462 29/11/2020 Book 2 24/11/2020
    PD29, Kg. Gajah Putih, Sik Pinjaman Dewasa 22/10/2000 297.23 QUT A00944080 01/06/2018 Book    
    PD37, Kg. Belat, Pendang Pinjaman Dewasa 29/06/1999 297.23 QUT A00269205 01/06/2018 Book